Vowel-less Movie Titles VI Quiz Stats

Quiz Updated Sep 12, 2016

Challenge
Share
Tweet
Embed
Score 0/20 Timer 05:00
4 Plays Today
Title Without Vowels Full Title % Correct
TH DRK KNGHTThe Dark Knight
99.4%
WR F TH WRLDSWar of the Worlds
98%
KCK-SSKick-Ass
95.9%
TH SHWSHNK RDMPTNThe Shawshank Redemption
95.8%
DMB ND DMBR TDumb and Dumber To
95.4%
HW T TRN YR DRGNHow to Train Your Dragon
94.9%
TH DPRTDThe Departed
92.1%
RSRVR DGSReservoir Dogs
91.4%
TH GRN MLThe Green Mile
90%
SCHL F RCKSchool of Rock
89.8%
Title Without Vowels Full Title % Correct
LWRNC F RBLawrence of Arabia
87.5%
VRTGVertigo
84.4%
DNN DRKDonnie Darko
75.4%
TH PNSTThe Pianist
75.4%
DCTR ZHVGDoctor Zhivago
74.4%
CT F GDCity of God
73.9%
FFC SPCOffice Space
53.4%
GRN TRNGran Torino
42.4%
VTRAvatar
34.6%
C GIce Age
25.6%

You're not logged in!

Compare scores with friends on all Sporcle quizzes.
Join for Free
OR
Log In

You Might Also Like...

Show Comments

Extras

Top Quizzes Today


Score Distribution

Your Account Isn't Verified!

In order to create a playlist on Sporcle, you need to verify the email address you used during registration. Go to your Sporcle Settings to finish the process.

Report this User

Report this user for behavior that violates our Community Guidelines.

Details: